| 000 | 02078nam a2200289 a 4500 | ||
|---|---|---|---|
| 001 | BRCA_8931 | ||
| 005 | 20190320210448.0 | ||
| 008 | 290617s1709----sp-#######---#000-0#spa-# | ||
| 041 | _aspa | ||
| 044 | _asp | ||
| 084 |
_aLE21 _b.G37 1709 |
||
| 100 | 1 |
_aGarau, Francisco _921861 |
|
| 245 | 1 | 0 |
_aEl sabio instruido en varias máximas o ideas evangélicas, políticas, y morales _bañadidas en esta ultima impresión por el mismo autor, con sus índices muy copiosos, y variedad de asuntos predicables, para todos los Evangelicos del año, dedicadas al amante de Christo, pasmo de las gentes, San Antonio de Padua _cpor el R.P. Francisco Garau; tomo primero. |
| 260 |
_aMadrid _bpor Antonio González de Reyes _c1709 |
||
| 300 |
_a[10], 406 p. (t.1) _c21.1 x 15.3 cm. |
||
| 500 | _aCon privilegio | ||
| 500 | _aEstado físico: presenta encuadernación en pergamino y cintas rotas | ||
| 500 | _aEn portada: A costa de Francisco Laso; Mercader de Libros, enfrente de lo¿as Gradas de S. Felipe | ||
| 500 | _aCon marca de fuego: “Procedencia de la marca: Convento de San Francisco de Querétaro(1). Institución: Orden de Frailes Menores. Provincia de San Pedro y San Pablo de Michoacán. Descripción: Tres iniciales separadas: ´C´, ´S´ y ´Q´ en cuya silueta se agregó el resto del texto: C[onvento] S[an Francisco] Q[uerétaro]. Luego el escudo franciscano de las 5 llagas inscrito en un círculo formado del cordón franciscano. Observaciones: Rafael Sala, Carlos Krausse y David Saavedra Vega la catalogan como perteneciente al Convento de San Francisco de Querétaro. Ubicación de la marca en el libro: Canto superior, inferior y fronta” | ||
| 650 | 1 | 4 |
_aGracia (Teología) _yObras anteriores a 1800 _921862 |
| 650 | 1 | 4 |
_aMáximas _yObras anteriores a 1800 _921863 |
| 700 | 1 |
_aLaso, Francisco _emercader de libros _922198 |
|
| 700 | 1 |
_aGonzález de Reyes, Antonio _eImpresor _922199 |
|
| 856 | _ahttp://www.marcasdefuego.buap.mx:8180/xmLibris/projects/firebrand/item.jsp?repository=marcas_de_fuego&key=d6defe3d.xml&num=14 | ||
| 902 | _aCFM | ||
| 942 |
_2lcc _cB |
||
| 999 |
_c8582 _d8582 |
||